<?xml version="1.0" encoding="UTF-8"?>
<record
    xmlns:xsi="http://www.w3.org/2001/XMLSchema-instance"
    xsi:schemaLocation="http://www.loc.gov/MARC21/slim http://www.loc.gov/standards/marcxml/schema/MARC21slim.xsd"
    xmlns="http://www.loc.gov/MARC21/slim">

  <leader>00883nam a22002657a 4500</leader>
  <controlfield tag="005">20150217110921.0</controlfield>
  <datafield tag="010" ind1=" " ind2=" ">
    <subfield code="a">ENG-109656</subfield>
  </datafield>
  <datafield tag="020" ind1=" " ind2=" ">
    <subfield code="c">475.00</subfield>
    <subfield code="a">9789351343578</subfield>
  </datafield>
  <datafield tag="020" ind1=" " ind2=" ">
    <subfield code="c">475.00</subfield>
    <subfield code="a">935134357x</subfield>
  </datafield>
  <datafield tag="035" ind1=" " ind2=" ">
    <subfield code="a">EN-93189</subfield>
  </datafield>
  <datafield tag="035" ind1=" " ind2=" ">
    <subfield code="a">B-593751-780</subfield>
  </datafield>
  <datafield tag="037" ind1=" " ind2=" ">
    <subfield code="b">DBAD/PUB</subfield>
  </datafield>
  <datafield tag="037" ind1=" " ind2=" ">
    <subfield code="b">Pragati Pub/Ven</subfield>
    <subfield code="a">dpl</subfield>
  </datafield>
  <datafield tag="082" ind1=" " ind2=" ">
    <subfield code="a">915.4</subfield>
  </datafield>
  <datafield tag="100" ind1=" " ind2=" ">
    <subfield code="a">Husain, Majid</subfield>
  </datafield>
  <datafield tag="245" ind1="0" ind2="0">
    <subfield code="a">Geography of India /</subfield>
    <subfield code="b">by Majid Husain</subfield>
  </datafield>
  <datafield tag="250" ind1=" " ind2=" ">
    <subfield code="a">5th ed</subfield>
  </datafield>
  <datafield tag="260" ind1=" " ind2=" ">
    <subfield code="a">New Delhi</subfield>
    <subfield code="b">McGraw Hill Education </subfield>
    <subfield code="c">2014</subfield>
  </datafield>
  <datafield tag="270" ind1=" " ind2=" ">
    <subfield code="a">P-24, Green Park Extn.</subfield>
    <subfield code="b">New Delhi</subfield>
    <subfield code="e">110016</subfield>
  </datafield>
  <datafield tag="300" ind1=" " ind2=" ">
    <subfield code="a">various pagings :</subfield>
    <subfield code="c">24cm(pbk)</subfield>
    <subfield code="b">ill.,maps</subfield>
  </datafield>
  <datafield tag="490" ind1=" " ind2=" ">
    <subfield code="a">McGraw Hill education winning edge series</subfield>
  </datafield>
  <datafield tag="500" ind1=" " ind2=" ">
    <subfield code="a">Supply received Revised price Rs.510.00</subfield>
  </datafield>
  <datafield tag="942" ind1=" " ind2=" ">
    <subfield code="2">ddc</subfield>
    <subfield code="c">EN</subfield>
    <subfield code="m">HUS</subfield>
    <subfield code="h">915.4</subfield>
  </datafield>
  <datafield tag="999" ind1=" " ind2=" ">
    <subfield code="c">83286</subfield>
    <subfield code="d">83286</subfield>
  </datafield>
  <datafield tag="952" ind1=" " ind2=" ">
    <subfield code="0">0</subfield>
    <subfield code="1">0</subfield>
    <subfield code="4">0</subfield>
    <subfield code="7">1</subfield>
    <subfield code="8">NFIC</subfield>
    <subfield code="a">DBAD</subfield>
    <subfield code="b">DBAD</subfield>
    <subfield code="d">2014-04-04</subfield>
    <subfield code="e">DBAD/PUB</subfield>
    <subfield code="g">475.00</subfield>
    <subfield code="l">0</subfield>
    <subfield code="o">915.4 HUS</subfield>
    <subfield code="p">EN-93189</subfield>
    <subfield code="r">2014-04-04 00:00:00</subfield>
    <subfield code="t">1</subfield>
    <subfield code="v">475.00</subfield>
    <subfield code="y">EN</subfield>
  </datafield>
  <datafield tag="952" ind1=" " ind2=" ">
    <subfield code="0">0</subfield>
    <subfield code="1">0</subfield>
    <subfield code="4">0</subfield>
    <subfield code="7">0</subfield>
    <subfield code="8">NFIC</subfield>
    <subfield code="a">L</subfield>
    <subfield code="b">L</subfield>
    <subfield code="d">2015-02-17</subfield>
    <subfield code="e">Pragati Pub/48/17.12.2014/184/08.12.2014/06.02.2015</subfield>
    <subfield code="g">510.00</subfield>
    <subfield code="l">39</subfield>
    <subfield code="m">19</subfield>
    <subfield code="o">915.4 HUS</subfield>
    <subfield code="p">B-593751</subfield>
    <subfield code="r">2024-05-24 00:00:00</subfield>
    <subfield code="s">2024-05-07</subfield>
    <subfield code="t">1</subfield>
    <subfield code="v">510.00</subfield>
    <subfield code="y">EN</subfield>
  </datafield>
  <datafield tag="952" ind1=" " ind2=" ">
    <subfield code="0">0</subfield>
    <subfield code="1">0</subfield>
    <subfield code="4">0</subfield>
    <subfield code="7">1</subfield>
    <subfield code="8">REF</subfield>
    <subfield code="a">L</subfield>
    <subfield code="b">L</subfield>
    <subfield code="d">2015-02-17</subfield>
    <subfield code="e">Pragati Pub/48/17.12.2014/184/08.12.2014/06.02.2015</subfield>
    <subfield code="g">510.00</subfield>
    <subfield code="l">0</subfield>
    <subfield code="o">915.4 HUS</subfield>
    <subfield code="p">B-593752</subfield>
    <subfield code="r">2015-02-17 00:00:00</subfield>
    <subfield code="t">1</subfield>
    <subfield code="v">510.00</subfield>
    <subfield code="y">EN</subfield>
  </datafield>
  <datafield tag="952" ind1=" " ind2=" ">
    <subfield code="0">0</subfield>
    <subfield code="1">5</subfield>
    <subfield code="4">0</subfield>
    <subfield code="7">0</subfield>
    <subfield code="8">NFIC</subfield>
    <subfield code="a">M</subfield>
    <subfield code="b">M</subfield>
    <subfield code="d">2015-02-17</subfield>
    <subfield code="e">Pragati Pub/48/17.12.2014/184/08.12.2014/06.02.2015</subfield>
    <subfield code="g">510.00</subfield>
    <subfield code="l">0</subfield>
    <subfield code="o">915.4 HUS</subfield>
    <subfield code="p">B-593753</subfield>
    <subfield code="r">2015-02-17 00:00:00</subfield>
    <subfield code="t">4</subfield>
    <subfield code="v">510.00</subfield>
    <subfield code="y">EN</subfield>
  </datafield>
  <datafield tag="952" ind1=" " ind2=" ">
    <subfield code="0">0</subfield>
    <subfield code="1">0</subfield>
    <subfield code="4">0</subfield>
    <subfield code="7">0</subfield>
    <subfield code="8">NFIC</subfield>
    <subfield code="a">M</subfield>
    <subfield code="b">M</subfield>
    <subfield code="d">2015-02-17</subfield>
    <subfield code="e">Pragati Pub/48/17.12.2014/184/08.12.2014/06.02.2015</subfield>
    <subfield code="g">510.00</subfield>
    <subfield code="l">0</subfield>
    <subfield code="o">915.4 HUS</subfield>
    <subfield code="p">B-593754</subfield>
    <subfield code="r">2015-02-17 00:00:00</subfield>
    <subfield code="t">4</subfield>
    <subfield code="v">510.00</subfield>
    <subfield code="y">EN</subfield>
  </datafield>
  <datafield tag="952" ind1=" " ind2=" ">
    <subfield code="0">0</subfield>
    <subfield code="1">0</subfield>
    <subfield code="4">0</subfield>
    <subfield code="7">0</subfield>
    <subfield code="8">NFIC</subfield>
    <subfield code="a">M</subfield>
    <subfield code="b">M</subfield>
    <subfield code="d">2015-02-17</subfield>
    <subfield code="e">Pragati Pub/48/17.12.2014/184/08.12.2014/06.02.2015</subfield>
    <subfield code="g">510.00</subfield>
    <subfield code="l">0</subfield>
    <subfield code="o">915.4 HUS</subfield>
    <subfield code="p">B-593755</subfield>
    <subfield code="r">2015-02-17 00:00:00</subfield>
    <subfield code="t">4</subfield>
    <subfield code="v">510.00</subfield>
    <subfield code="y">EN</subfield>
  </datafield>
  <datafield tag="952" ind1=" " ind2=" ">
    <subfield code="0">0</subfield>
    <subfield code="1">0</subfield>
    <subfield code="4">0</subfield>
    <subfield code="7">0</subfield>
    <subfield code="8">NFIC</subfield>
    <subfield code="a">M</subfield>
    <subfield code="b">M</subfield>
    <subfield code="d">2015-02-17</subfield>
    <subfield code="e">Pragati Pub/48/17.12.2014/184/08.12.2014/06.02.2015</subfield>
    <subfield code="g">510.00</subfield>
    <subfield code="l">0</subfield>
    <subfield code="o">915.4 HUS</subfield>
    <subfield code="p">B-593756</subfield>
    <subfield code="r">2015-02-17 00:00:00</subfield>
    <subfield code="t">4</subfield>
    <subfield code="v">510.00</subfield>
    <subfield code="y">EN</subfield>
  </datafield>
  <datafield tag="952" ind1=" " ind2=" ">
    <subfield code="0">0</subfield>
    <subfield code="1">0</subfield>
    <subfield code="4">0</subfield>
    <subfield code="7">0</subfield>
    <subfield code="8">NFIC</subfield>
    <subfield code="a">NPL</subfield>
    <subfield code="b">NPL</subfield>
    <subfield code="d">2015-02-17</subfield>
    <subfield code="e">Pragati Pub/48/17.12.2014/184/08.12.2014/06.02.2015</subfield>
    <subfield code="g">510.00</subfield>
    <subfield code="l">0</subfield>
    <subfield code="o">915.4 HUS</subfield>
    <subfield code="p">B-593757</subfield>
    <subfield code="r">2015-02-17 00:00:00</subfield>
    <subfield code="t">1</subfield>
    <subfield code="v">510.00</subfield>
    <subfield code="y">EN</subfield>
  </datafield>
  <datafield tag="952" ind1=" " ind2=" ">
    <subfield code="0">0</subfield>
    <subfield code="1">0</subfield>
    <subfield code="4">0</subfield>
    <subfield code="7">0</subfield>
    <subfield code="8">NFIC</subfield>
    <subfield code="a">BL1</subfield>
    <subfield code="b">BL1</subfield>
    <subfield code="d">2015-02-17</subfield>
    <subfield code="e">Pragati Pub/48/17.12.2014/184/08.12.2014/06.02.2015</subfield>
    <subfield code="g">510.00</subfield>
    <subfield code="l">24</subfield>
    <subfield code="m">22</subfield>
    <subfield code="o">915.4 HUS</subfield>
    <subfield code="p">B-593758</subfield>
    <subfield code="r">2025-07-02 00:00:00</subfield>
    <subfield code="s">2025-05-24</subfield>
    <subfield code="t">1</subfield>
    <subfield code="v">510.00</subfield>
    <subfield code="y">EN</subfield>
  </datafield>
  <datafield tag="952" ind1=" " ind2=" ">
    <subfield code="0">0</subfield>
    <subfield code="1">0</subfield>
    <subfield code="4">0</subfield>
    <subfield code="7">0</subfield>
    <subfield code="8">NFIC</subfield>
    <subfield code="a">KGM</subfield>
    <subfield code="b">KGM</subfield>
    <subfield code="d">2015-02-17</subfield>
    <subfield code="e">Pragati Pub/48/17.12.2014/184/08.12.2014/06.02.2015</subfield>
    <subfield code="g">510.00</subfield>
    <subfield code="l">1</subfield>
    <subfield code="m">2</subfield>
    <subfield code="o">915.4 HUS</subfield>
    <subfield code="p">B-593759</subfield>
    <subfield code="r">2023-06-01 00:00:00</subfield>
    <subfield code="s">2023-05-04</subfield>
    <subfield code="t">1</subfield>
    <subfield code="v">510.00</subfield>
    <subfield code="y">EN</subfield>
  </datafield>
  <datafield tag="952" ind1=" " ind2=" ">
    <subfield code="0">0</subfield>
    <subfield code="1">5</subfield>
    <subfield code="4">0</subfield>
    <subfield code="7">0</subfield>
    <subfield code="8">NFIC</subfield>
    <subfield code="a">PR</subfield>
    <subfield code="b">PR</subfield>
    <subfield code="d">2015-02-17</subfield>
    <subfield code="e">Pragati Pub/48/17.12.2014/184/08.12.2014/06.02.2015</subfield>
    <subfield code="g">510.00</subfield>
    <subfield code="l">0</subfield>
    <subfield code="o">915.4 HUS</subfield>
    <subfield code="p">B-593760</subfield>
    <subfield code="r">2015-02-17 00:00:00</subfield>
    <subfield code="t">1</subfield>
    <subfield code="v">510.00</subfield>
    <subfield code="y">EN</subfield>
  </datafield>
  <datafield tag="952" ind1=" " ind2=" ">
    <subfield code="0">0</subfield>
    <subfield code="1">0</subfield>
    <subfield code="4">0</subfield>
    <subfield code="7">0</subfield>
    <subfield code="8">NFIC</subfield>
    <subfield code="a">TN</subfield>
    <subfield code="b">TN</subfield>
    <subfield code="d">2015-02-17</subfield>
    <subfield code="e">Pragati Pub/48/17.12.2014/184/08.12.2014/06.02.2015</subfield>
    <subfield code="g">510.00</subfield>
    <subfield code="l">6</subfield>
    <subfield code="m">3</subfield>
    <subfield code="o">915.4 HUS</subfield>
    <subfield code="p">B-593761</subfield>
    <subfield code="r">2019-06-21 00:00:00</subfield>
    <subfield code="s">2019-06-08</subfield>
    <subfield code="t">1</subfield>
    <subfield code="v">510.00</subfield>
    <subfield code="y">EN</subfield>
  </datafield>
  <datafield tag="952" ind1=" " ind2=" ">
    <subfield code="0">0</subfield>
    <subfield code="1">0</subfield>
    <subfield code="4">0</subfield>
    <subfield code="7">0</subfield>
    <subfield code="8">NFIC</subfield>
    <subfield code="a">CJ</subfield>
    <subfield code="b">CJ</subfield>
    <subfield code="d">2015-02-17</subfield>
    <subfield code="e">Pragati Pub/48/17.12.2014/184/08.12.2014/06.02.2015</subfield>
    <subfield code="g">510.00</subfield>
    <subfield code="l">7</subfield>
    <subfield code="m">7</subfield>
    <subfield code="o">915.4 HUS</subfield>
    <subfield code="p">B-593762</subfield>
    <subfield code="r">2023-03-15 00:00:00</subfield>
    <subfield code="s">2023-01-30</subfield>
    <subfield code="t">1</subfield>
    <subfield code="v">510.00</subfield>
    <subfield code="y">EN</subfield>
  </datafield>
  <datafield tag="952" ind1=" " ind2=" ">
    <subfield code="0">0</subfield>
    <subfield code="1">0</subfield>
    <subfield code="4">0</subfield>
    <subfield code="7">0</subfield>
    <subfield code="8">NFIC</subfield>
    <subfield code="a">DIZ</subfield>
    <subfield code="b">DIZ</subfield>
    <subfield code="d">2015-02-17</subfield>
    <subfield code="e">Pragati Pub/48/17.12.2014/184/08.12.2014/06.02.2015</subfield>
    <subfield code="g">510.00</subfield>
    <subfield code="l">6</subfield>
    <subfield code="m">3</subfield>
    <subfield code="o">915.4 HUS</subfield>
    <subfield code="p">B-593763</subfield>
    <subfield code="r">2022-03-04 00:00:00</subfield>
    <subfield code="s">2022-02-10</subfield>
    <subfield code="t">1</subfield>
    <subfield code="v">510.00</subfield>
    <subfield code="y">EN</subfield>
  </datafield>
  <datafield tag="952" ind1=" " ind2=" ">
    <subfield code="0">0</subfield>
    <subfield code="1">0</subfield>
    <subfield code="4">0</subfield>
    <subfield code="7">0</subfield>
    <subfield code="8">NFIC</subfield>
    <subfield code="a">JP</subfield>
    <subfield code="b">JP</subfield>
    <subfield code="d">2015-02-17</subfield>
    <subfield code="e">Pragati Pub/48/17.12.2014/184/08.12.2014/06.02.2015</subfield>
    <subfield code="g">510.00</subfield>
    <subfield code="l">27</subfield>
    <subfield code="m">11</subfield>
    <subfield code="o">915.4 HUS</subfield>
    <subfield code="p">B-593764</subfield>
    <subfield code="r">2017-12-18 00:00:00</subfield>
    <subfield code="s">2017-12-05</subfield>
    <subfield code="t">1</subfield>
    <subfield code="v">510.00</subfield>
    <subfield code="y">EN</subfield>
  </datafield>
  <datafield tag="952" ind1=" " ind2=" ">
    <subfield code="0">0</subfield>
    <subfield code="1">0</subfield>
    <subfield code="4">0</subfield>
    <subfield code="7">0</subfield>
    <subfield code="8">NFIC</subfield>
    <subfield code="a">ZLS</subfield>
    <subfield code="b">ZLS</subfield>
    <subfield code="d">2015-02-17</subfield>
    <subfield code="e">Pragati Pub/48/17.12.2014/184/08.12.2014/06.02.2015</subfield>
    <subfield code="g">510.00</subfield>
    <subfield code="l">1</subfield>
    <subfield code="o">915.4 HUS</subfield>
    <subfield code="p">B-593765</subfield>
    <subfield code="r">2015-11-28 00:00:00</subfield>
    <subfield code="s">2015-11-12</subfield>
    <subfield code="t">1</subfield>
    <subfield code="v">510.00</subfield>
    <subfield code="y">EN</subfield>
  </datafield>
  <datafield tag="952" ind1=" " ind2=" ">
    <subfield code="0">0</subfield>
    <subfield code="1">0</subfield>
    <subfield code="4">0</subfield>
    <subfield code="7">0</subfield>
    <subfield code="8">NFIC</subfield>
    <subfield code="a">RKP</subfield>
    <subfield code="b">RKP</subfield>
    <subfield code="d">2015-02-17</subfield>
    <subfield code="e">Pragati Pub/48/17.12.2014/184/08.12.2014/06.02.2015</subfield>
    <subfield code="g">510.00</subfield>
    <subfield code="l">7</subfield>
    <subfield code="m">9</subfield>
    <subfield code="o">915.4 HUS</subfield>
    <subfield code="p">B-593766</subfield>
    <subfield code="r">2022-08-25 00:00:00</subfield>
    <subfield code="s">2022-07-14</subfield>
    <subfield code="t">1</subfield>
    <subfield code="v">510.00</subfield>
    <subfield code="y">EN</subfield>
  </datafield>
  <datafield tag="952" ind1=" " ind2=" ">
    <subfield code="0">0</subfield>
    <subfield code="1">0</subfield>
    <subfield code="4">0</subfield>
    <subfield code="7">0</subfield>
    <subfield code="8">NFIC</subfield>
    <subfield code="a">AG</subfield>
    <subfield code="b">AG</subfield>
    <subfield code="d">2015-02-17</subfield>
    <subfield code="e">Pragati Pub/48/17.12.2014/184/08.12.2014/06.02.2015</subfield>
    <subfield code="g">510.00</subfield>
    <subfield code="l">22</subfield>
    <subfield code="m">7</subfield>
    <subfield code="o">915.4 HUS</subfield>
    <subfield code="p">B-593767</subfield>
    <subfield code="r">2023-04-18 00:00:00</subfield>
    <subfield code="s">2023-04-05</subfield>
    <subfield code="t">1</subfield>
    <subfield code="v">510.00</subfield>
    <subfield code="y">EN</subfield>
  </datafield>
  <datafield tag="952" ind1=" " ind2=" ">
    <subfield code="0">0</subfield>
    <subfield code="1">0</subfield>
    <subfield code="4">0</subfield>
    <subfield code="7">0</subfield>
    <subfield code="8">NFIC</subfield>
    <subfield code="a">SP</subfield>
    <subfield code="b">SP</subfield>
    <subfield code="d">2015-02-17</subfield>
    <subfield code="e">Pragati Pub/48/17.12.2014/184/08.12.2014/06.02.2015</subfield>
    <subfield code="g">510.00</subfield>
    <subfield code="l">0</subfield>
    <subfield code="o">915.4 HUS</subfield>
    <subfield code="p">B-593768</subfield>
    <subfield code="r">2015-02-17 00:00:00</subfield>
    <subfield code="t">1</subfield>
    <subfield code="v">510.00</subfield>
    <subfield code="y">EN</subfield>
  </datafield>
  <datafield tag="952" ind1=" " ind2=" ">
    <subfield code="0">0</subfield>
    <subfield code="1">0</subfield>
    <subfield code="4">0</subfield>
    <subfield code="7">0</subfield>
    <subfield code="8">NFIC</subfield>
    <subfield code="a">QRP</subfield>
    <subfield code="b">QRP</subfield>
    <subfield code="d">2015-02-17</subfield>
    <subfield code="e">Pragati Pub/48/17.12.2014/184/08.12.2014/06.02.2015</subfield>
    <subfield code="g">510.00</subfield>
    <subfield code="l">0</subfield>
    <subfield code="o">915.4 HUS</subfield>
    <subfield code="p">B-593769</subfield>
    <subfield code="r">2015-02-17 00:00:00</subfield>
    <subfield code="t">1</subfield>
    <subfield code="v">510.00</subfield>
    <subfield code="y">EN</subfield>
  </datafield>
  <datafield tag="952" ind1=" " ind2=" ">
    <subfield code="0">0</subfield>
    <subfield code="1">0</subfield>
    <subfield code="4">0</subfield>
    <subfield code="7">0</subfield>
    <subfield code="8">NFIC</subfield>
    <subfield code="a">VP</subfield>
    <subfield code="b">VP</subfield>
    <subfield code="d">2015-02-17</subfield>
    <subfield code="e">Pragati Pub/48/17.12.2014/184/08.12.2014/06.02.2015</subfield>
    <subfield code="g">510.00</subfield>
    <subfield code="l">16</subfield>
    <subfield code="m">11</subfield>
    <subfield code="o">915.4 HUS</subfield>
    <subfield code="p">B-593770</subfield>
    <subfield code="r">2018-12-06 00:00:00</subfield>
    <subfield code="s">2018-11-08</subfield>
    <subfield code="t">1</subfield>
    <subfield code="v">510.00</subfield>
    <subfield code="y">EN</subfield>
  </datafield>
  <datafield tag="952" ind1=" " ind2=" ">
    <subfield code="0">0</subfield>
    <subfield code="1">0</subfield>
    <subfield code="4">0</subfield>
    <subfield code="7">0</subfield>
    <subfield code="8">NFIC</subfield>
    <subfield code="a">BN</subfield>
    <subfield code="b">BN</subfield>
    <subfield code="d">2015-02-17</subfield>
    <subfield code="e">Pragati Pub/48/17.12.2014/184/08.12.2014/06.02.2015</subfield>
    <subfield code="g">510.00</subfield>
    <subfield code="l">10</subfield>
    <subfield code="m">3</subfield>
    <subfield code="o">915.4 HUS</subfield>
    <subfield code="p">B-593771</subfield>
    <subfield code="r">2026-02-19 00:00:00</subfield>
    <subfield code="s">2026-02-11</subfield>
    <subfield code="t">1</subfield>
    <subfield code="v">510.00</subfield>
    <subfield code="y">EN</subfield>
  </datafield>
  <datafield tag="952" ind1=" " ind2=" ">
    <subfield code="0">0</subfield>
    <subfield code="1">0</subfield>
    <subfield code="4">0</subfield>
    <subfield code="7">0</subfield>
    <subfield code="8">NFIC</subfield>
    <subfield code="a">NRR</subfield>
    <subfield code="b">NRR</subfield>
    <subfield code="d">2015-02-17</subfield>
    <subfield code="e">Pragati Pub/48/17.12.2014/184/08.12.2014/06.02.2015</subfield>
    <subfield code="g">510.00</subfield>
    <subfield code="l">3</subfield>
    <subfield code="m">6</subfield>
    <subfield code="o">915.4 HUS</subfield>
    <subfield code="p">B-593772</subfield>
    <subfield code="r">2024-07-01 00:00:00</subfield>
    <subfield code="s">2024-06-10</subfield>
    <subfield code="t">1</subfield>
    <subfield code="v">510.00</subfield>
    <subfield code="y">EN</subfield>
  </datafield>
  <datafield tag="952" ind1=" " ind2=" ">
    <subfield code="0">0</subfield>
    <subfield code="1">5</subfield>
    <subfield code="4">0</subfield>
    <subfield code="7">0</subfield>
    <subfield code="8">NFIC</subfield>
    <subfield code="a">BKK</subfield>
    <subfield code="b">BKK</subfield>
    <subfield code="d">2015-02-17</subfield>
    <subfield code="e">Pragati Pub/48/17.12.2014/184/08.12.2014/06.02.2015</subfield>
    <subfield code="g">510.00</subfield>
    <subfield code="l">0</subfield>
    <subfield code="o">915.4 HUS</subfield>
    <subfield code="p">B-593773</subfield>
    <subfield code="r">2015-02-17 00:00:00</subfield>
    <subfield code="t">1</subfield>
    <subfield code="v">510.00</subfield>
    <subfield code="y">EN</subfield>
  </datafield>
  <datafield tag="952" ind1=" " ind2=" ">
    <subfield code="0">0</subfield>
    <subfield code="1">0</subfield>
    <subfield code="4">0</subfield>
    <subfield code="7">0</subfield>
    <subfield code="8">NFIC</subfield>
    <subfield code="a">NR</subfield>
    <subfield code="b">NR</subfield>
    <subfield code="d">2015-02-17</subfield>
    <subfield code="e">Pragati Pub/48/17.12.2014/184/08.12.2014/06.02.2015</subfield>
    <subfield code="g">510.00</subfield>
    <subfield code="l">0</subfield>
    <subfield code="o">915.4 HUS</subfield>
    <subfield code="p">B-593774</subfield>
    <subfield code="r">2015-02-17 00:00:00</subfield>
    <subfield code="t">1</subfield>
    <subfield code="v">510.00</subfield>
    <subfield code="y">EN</subfield>
  </datafield>
  <datafield tag="952" ind1=" " ind2=" ">
    <subfield code="0">0</subfield>
    <subfield code="1">0</subfield>
    <subfield code="4">0</subfield>
    <subfield code="7">0</subfield>
    <subfield code="8">NFIC</subfield>
    <subfield code="a">BN</subfield>
    <subfield code="b">BN</subfield>
    <subfield code="d">2015-02-17</subfield>
    <subfield code="e">Pragati Pub/48/17.12.2014/184/08.12.2014/06.02.2015</subfield>
    <subfield code="g">510.00</subfield>
    <subfield code="l">19</subfield>
    <subfield code="m">2</subfield>
    <subfield code="o">915.4 HUS</subfield>
    <subfield code="p">B-593775</subfield>
    <subfield code="r">2023-06-13 00:00:00</subfield>
    <subfield code="s">2023-06-01</subfield>
    <subfield code="t">1</subfield>
    <subfield code="v">510.00</subfield>
    <subfield code="y">EN</subfield>
  </datafield>
  <datafield tag="952" ind1=" " ind2=" ">
    <subfield code="0">0</subfield>
    <subfield code="1">0</subfield>
    <subfield code="4">0</subfield>
    <subfield code="7">0</subfield>
    <subfield code="8">NFIC</subfield>
    <subfield code="a">KV</subfield>
    <subfield code="b">KV</subfield>
    <subfield code="d">2015-02-17</subfield>
    <subfield code="e">Pragati Pub/48/17.12.2014/184/08.12.2014/06.02.2015</subfield>
    <subfield code="g">510.00</subfield>
    <subfield code="l">0</subfield>
    <subfield code="o">915.4 HUS</subfield>
    <subfield code="p">B-593776</subfield>
    <subfield code="r">2015-02-17 00:00:00</subfield>
    <subfield code="t">1</subfield>
    <subfield code="v">510.00</subfield>
    <subfield code="y">EN</subfield>
  </datafield>
  <datafield tag="952" ind1=" " ind2=" ">
    <subfield code="0">0</subfield>
    <subfield code="1">0</subfield>
    <subfield code="4">0</subfield>
    <subfield code="7">0</subfield>
    <subfield code="8">NFIC</subfield>
    <subfield code="a">MV</subfield>
    <subfield code="b">MV</subfield>
    <subfield code="d">2015-02-17</subfield>
    <subfield code="e">Pragati Pub/48/17.12.2014/184/08.12.2014/06.02.2015</subfield>
    <subfield code="g">510.00</subfield>
    <subfield code="l">0</subfield>
    <subfield code="o">915.4 HUS</subfield>
    <subfield code="p">B-593777</subfield>
    <subfield code="r">2015-02-17 00:00:00</subfield>
    <subfield code="t">1</subfield>
    <subfield code="v">510.00</subfield>
    <subfield code="y">EN</subfield>
  </datafield>
  <datafield tag="952" ind1=" " ind2=" ">
    <subfield code="0">0</subfield>
    <subfield code="1">0</subfield>
    <subfield code="4">0</subfield>
    <subfield code="7">0</subfield>
    <subfield code="8">NFIC</subfield>
    <subfield code="a">MP</subfield>
    <subfield code="b">MP</subfield>
    <subfield code="d">2015-02-17</subfield>
    <subfield code="e">Pragati Pub/48/17.12.2014/184/08.12.2014/06.02.2015</subfield>
    <subfield code="g">510.00</subfield>
    <subfield code="l">0</subfield>
    <subfield code="o">915.4 HUS</subfield>
    <subfield code="p">B-593778</subfield>
    <subfield code="r">2015-02-17 00:00:00</subfield>
    <subfield code="t">1</subfield>
    <subfield code="v">510.00</subfield>
    <subfield code="y">EN</subfield>
  </datafield>
  <datafield tag="952" ind1=" " ind2=" ">
    <subfield code="0">0</subfield>
    <subfield code="1">0</subfield>
    <subfield code="4">0</subfield>
    <subfield code="7">0</subfield>
    <subfield code="8">NFIC</subfield>
    <subfield code="a">BL4</subfield>
    <subfield code="b">BL4</subfield>
    <subfield code="d">2015-02-17</subfield>
    <subfield code="e">Pragati Pub/48/17.12.2014/184/08.12.2014/06.02.2015</subfield>
    <subfield code="g">510.00</subfield>
    <subfield code="l">30</subfield>
    <subfield code="m">24</subfield>
    <subfield code="o">915.4 HUS</subfield>
    <subfield code="p">B-593779</subfield>
    <subfield code="r">2023-05-13 00:00:00</subfield>
    <subfield code="s">2023-05-10</subfield>
    <subfield code="t">1</subfield>
    <subfield code="v">510.00</subfield>
    <subfield code="y">EN</subfield>
  </datafield>
  <datafield tag="952" ind1=" " ind2=" ">
    <subfield code="0">0</subfield>
    <subfield code="1">0</subfield>
    <subfield code="4">0</subfield>
    <subfield code="7">0</subfield>
    <subfield code="8">NFIC</subfield>
    <subfield code="a">YV</subfield>
    <subfield code="b">YV</subfield>
    <subfield code="d">2015-02-17</subfield>
    <subfield code="e">Pragati Pub/48/17.12.2014/184/08.12.2014/06.02.2015</subfield>
    <subfield code="g">510.00</subfield>
    <subfield code="l">0</subfield>
    <subfield code="o">915.4 HUS</subfield>
    <subfield code="p">B-593780</subfield>
    <subfield code="r">2015-02-17 00:00:00</subfield>
    <subfield code="t">1</subfield>
    <subfield code="v">510.00</subfield>
    <subfield code="y">EN</subfield>
  </datafield>
</record>
